BIOLOGY ability #2 - Statistics

General Stats
  • This quiz has been taken 59 times
  • The average score is 5 of 13
Answer Stats
Hint Answer % Correct
name of the human body’s largest external organ? skin
95%
name of the human body’s largest internal organ? liver
93%
another name for your voice box? Larynx
79%
name of the bones that make up your spine? vertebrae
66%
Myopia is connected with which organ eyes
59%
Movement of cell against concentration gradient is called active transport
48%
Potato is a modified form (outgrowth) of stem
21%
Plants synthesis protein from amino acids
13%
Pyorrhoea is a disease of the gums
9%
Nucleus was first discovered in 1831 by Robert Brown
7%
Most of the red, blue and purple colours of plants are due to a pigment called anthocyanin
5%
Plants that grow in saline water are called halophytes
5%
Prothrombin which helps in clotting of blood is released by blood platelets
2%
No matching quizzes found
Score Distribution
Percent of People with Each Score
Percentile by Number Answered
Your Score History
You have not taken this quiz